000 00816cam a22002413a 4500
001 14462
003 PGUSA
005 20140828083317.0
008 041225s2004||||xxu|||||s|||||000 | eng d
040 _aPGUSA
_beng
042 _adc
050 4 _aPR
100 1 _aGreene, Robert,
_d-1592
245 1 4 _aThe Third and Last Part of Conny-Catching. (1592) :
_bWith the new deuised knauish arte of Foole-taking
_h[electronic resource] /
_cRobert Greene
260 _bProject Gutenberg,
_c2004
506 _aPublic domain in the USA.
516 _aElectronic text
653 _aLondon (England) -- Social life and customs -- Early works to 1800
653 _aCrime -- England -- London -- Early works to 1800
830 0 _aProject Gutenberg
_v14462
856 4 0 _uhttp://www.gutenberg.org/ebooks/14462
942 _cEB
999 _c243717
_d243717